KOHA-Header-6

The Role of Superior Judiciary In The politics of Pakistan (Record no. 7672)

000 -LEADER
fixed length control field 00293nam a2200109Ia 4500
100 ## - MAIN ENTRY--AUTHOR NAME
Personal name Jan M. Dawood
245 #4 - TITLE STATEMENT
Title The Role of Superior Judiciary In The politics of Pakistan
260 ## - PUBLICATION, DISTRIBUTION, ETC. (IMPRINT)
Place of publication Karachi
Name of publisher Education
Year of publication 1994
300 ## - PHYSICAL DESCRIPTION
Number of Pages 150
942 ## - ADDED ENTRY ELEMENTS (KOHA)
Koha item type Books
Holdings
Withdrawn status Lost status Collection code Permanent Location Current Location Shelving location Date acquired Full call number Accession Number Koha item type
    English Literature MAJU MAJU Shelf No.A13 2019-09-12 347.0359 1675 English Literature

Powered by Koha